Loading...
| History - European | 0 | 3 | 0 | 0 | 30 | 74 | 90.00 | 0 | 0 | 4.44 | 10.91 |
| History - World | 0 | 3 | 1 | 1 | 25 | 98 | 115.33 | 0 | 0 | 2.59 | 11.36 |
| Literature - European | 0 | 2 | 0 | 1 | 20 | 139 | 143.50 | 0 | 0 | 0.06 | 2.05 |
| Literature - World | 0 | 2 | 0 | 0 | 20 | 130 | 141.00 | 0 | 0 | 0.32 | 1.82 |
| Philosophy | 0 | 2 | 0 | 1 | 20 | 121 | 121.50 | 0 | 0 | 0.20 | 6.70 |
| History - American | 0 | 2 | 0 | 0 | 20 | 44 | 74.50 | 0 | 1 | 5.73 | 12.27 |
| Science - Chemistry | 0 | 2 | 0 | 0 | 20 | 101 | 106.00 | 0 | 0 | 0.27 | 1.48 |
| Social Science | 0 | 1 | 0 | 0 | 10 | 120 | 120.00 | 0 | 0 | 3.53 | 6.25 |
| Fine Arts - Classical Music | 0 | 1 | 0 | 0 | 10 | 123 | 123.00 | 0 | 0 | 0.14 | 1.36 |
| Literature - British | 0 | 1 | 0 | 1 | 10 | 151 | 151.00 | 0 | 0 | 0.24 | 2.84 |
| Mythology | 0 | 1 | 0 | 0 | 10 | 123 | 123.00 | 0 | 0 | 0.00 | 0.91 |
| Other Academic | 0 | 1 | 0 | 1 | 10 | 125 | 125.00 | 0 | 0 | 0.00 | 8.33 |
| Science - Physics | 0 | 1 | 0 | 1 | 10 | 113 | 113.00 | 0 | 0 | 0.00 | 3.18 |
| Current Events | 0 | 1 | 0 | 0 | 10 | 52 | 52.00 | 0 | 0 | 12.81 | 14.58 |
| Religion | 0 | 1 | 1 | 0 | 5 | 103 | 103.00 | 0 | 1 | 0.25 | 2.27 |
| Fine Arts - Other | 0 | 1 | 1 | 0 | 5 | 116 | 116.00 | 0 | 0 | 0.68 | 6.48 |
| History - Other | 0 | 1 | 1 | 0 | 5 | 113 | 113.00 | 0 | 0 | 2.87 | 5.91 |
| Literature - American | 0 | 0 | 0 | 0 | 0 | 0.00 | 0 | 0 | 0.68 | 3.07 |